| 000 | 00377pab a2200145 454500 | ||
|---|---|---|---|
| 008 | 180718b1991 xxu||||| |||| 00| 0 eng d | ||
| 100 | _aKulshrestha, D.K. | ||
| 245 |
_aEntrepreneurial development in India _bRole of small scale industries |
||
| 260 | _c1991 | ||
| 300 | _a5-7 | ||
| 362 | _aJun. | ||
| 650 | _aEntrepreneurs - India | ||
| 773 | _aBanking Finance | ||
| 909 | _a7626 | ||
| 999 |
_c7626 _d7626 |
||